[Event "PRO League Stage"]
[Site "Chess.com INT"]
[Date "2020.01.29"]
[Round "4"]
[White "Oparin, Grigoriy"]
[Black "Caruana, Fabiano"]
[Result "1-0"]
[WhiteElo "2650"]
[BlackElo "2822"]
[PlyCount "53"]
[EventDate "2020.01.06"]
[EventType "team-swiss (rapid)"]
[EventRounds "7"]
[EventCountry "USA"]
[SourceTitle "CBM 194 Extra"]
[Source "ChessBase"]
[SourceDate "2020.03.31"]
[SourceVersion "1"]
[SourceVersionDate "2020.03.31"]
[SourceQuality "1"]
[WhiteTeam "California Unicorns"]
[BlackTeam "Saint Louis Arch Bishops"]
[WhiteTeamCountry "USA"]
[BlackTeamCountry "USA"]

1. Nf3 d5 2. e3 Bg4 3. h3 Bxf3 ({RR} 3... Bh5 4. b3 Nd7 5. Bb2 e6 6. c4 c6 7. g3 Ngf6 8. Bg2 Be7 9. O-O O-O 10. Qe2 a5 11. Nc3 Nc5 12. d3 Qc7 13. Rac1 Rad8 14. Rfd1 Rfe8 15. g4 Bg6 16. d4 Nce4 17. Ne5 Nxc3 18. Bxc3 {Ghasi,A (2743)-Drozdowski,K (2936) Chess.com 2024 ½-½ (62)}) 4. Qxf3 e5 ({RR} 4... c6 5. c4 Nf6 6. Nc3 e6 7. b3 Nbd7 8. Bb2 Bd6 9. d4 O-O 10. Be2 Qe7 11. O-O Ba3 12. Bxa3 Qxa3 13. e4 dxe4 14. Nxe4 Nxe4 15. Qxe4 Nf6 16. Qe3 a5 17. Qc1 Qb4 18. Rb1 Rfd8 19. Rd1 {Barp,A (2449)-Gholami Orimi,M (2470) chess.com INT 2024 0-1 (39)}) 5. d4 $146 ({RR} 5. e4 c6 6. Nc3 Nf6 7. d3 Be7 8. Qg3 Bb4 9. Qxe5+ Qe7 10. Qf5 d4 11. Qc8+ Qd8 12. Qxb7 Bxc3+ 13. bxc3 Nbd7 14. cxd4 O-O 15. Qxc6 Qa5+ 16. Bd2 Qa3 17. Qb5 Rfb8 18. Qc6 Qb2 19. Qc3 Qb7 {Nagornaya,P-Olenina,A Russia 2004 1-0}) 5... e4 6. Qd1 Bd6 7. c4 c6 8. Qb3 Qd7 9. Nc3 Ne7 10. c5 Bc7 11. Qxb7 O-O 12. Qxa8 Ba5 13. Bd2 Qc7 14. Rb1 Bb4 15. a3 Bxc5 16. dxc5 Nd7 17. Qxf8+ Kxf8 18. b4 g6 19. Ne2 Nf5 20. Bc3 Ne5 21. Nd4 Nh4 22. b5 Nxg2+ 23. Bxg2 Nd3+ 24. Ke2 cxb5 25. c6 a6 26. Rbc1 Ne5 27. Ba5 1-0

[Event "PRO League Stage"]
[Site "Chess.com INT"]
[Date "2020.01.29"]
[Round "4"]
[White "Nakamura, Hikaru"]
[Black "Bruzon Batista, Lazaro"]
[Result "1-0"]
[WhiteElo "2736"]
[BlackElo "2640"]
[PlyCount "105"]
[EventDate "2020.01.06"]
[EventType "team-swiss (rapid)"]
[EventRounds "7"]
[EventCountry "USA"]
[SourceTitle "CBM 194 Extra"]
[Source "ChessBase"]
[SourceDate "2020.03.31"]
[SourceVersion "1"]
[SourceVersionDate "2020.03.31"]
[SourceQuality "1"]
[WhiteTeam "New York Marshalls"]
[BlackTeam "Chicago Wind"]
[WhiteTeamCountry "USA"]
[BlackTeamCountry "USA"]

1. Nf3 Nf6 2. g3 d5 3. Bg2 e6 4. d3 Be7 5. Nbd2 O-O ({RR} 5... Nc6 6. d4 O-O 7. O-O b5 8. c3 Bb7 9. Ne1 e5 10. e3 b4 11. Nc2 a5 12. Re1 Re8 13. a4 Bd6 14. Nb3 bxc3 15. bxc3 Ba6 16. Ba3 Ne4 17. Nc5 Bxc5 18. Bxc5 Nxc5 19. dxc5 e4 20. Bf1 {Nakamura,H (2768)-Fedoseev,V (2674) chess.com INT 2023 0-1 (57)}) 6. e4 a5 ({RR} 6... dxe4 7. dxe4 c5 8. e5 Nfd7 9. O-O Nc6 10. Re1 Qc7 11. Qe2 b6 12. c3 Bb7 13. a4 Rfd8 14. h4 Nf8 15. h5 Rd7 16. h6 g6 17. Nc4 Rad8 18. Bg5 Ba6 19. Qe4 Bxc4 20. Qxc4 Bxg5 21. Nxg5 {Duda,J (2732)-Titus,A (2202) chess.com INT 2024 1-0 (35)}) 7. O-O a4 $146 ({RR} 7... dxe4 8. dxe4 Nc6 9. e5 Nd7 10. Qe2 b6 11. Rd1 Bb7 12. Ne4 Qc8 13. Bg5 Bxg5 14. Nexg5 h6 15. Nh3 Rd8 16. Nf4 Nc5 17. Nh5 Rxd1+ 18. Rxd1 Qf8 19. Nd4 Nxd4 20. Rxd4 Bxg2 21. Kxg2 Rd8 22. Rg4 {Nakamura,H (2768)-Svane,R (2619) chess.com INT 2022 1-0 (65)}) 8. a3 dxe4 9. dxe4 Nfd7 10. e5 Nc6 11. Qe2 b6 12. Rd1 Bb7 13. Ne4 Qc8 14. Bf4 Rd8 15. h4 h6 16. g4 Nf8 17. h5 Ra5 18. g5 hxg5 19. Nexg5 Rad5 20. Rxd5 Rxd5 21. Ne4 Nd4 22. Nxd4 Rxd4 23. c3 Rd7 24. Qg4 Nh7 25. Bh6 Qf8 26. Re1 Kh8 27. Bf4 Qd8 28. Kh2 Ba8 29. Re3 Bxe4 30. Bxe4 f5 31. exf6 Nxf6 32. Qxe6 Bd6 33. Qf5 Bxf4+ 34. Qxf4 Rd2 35. Kg2 Nd5 36. Bxd5 Qxd5+ 37. Kg3 Qxh5 38. Re5 Rd3+ 39. Re3 Rxe3+ 40. fxe3 Qg6+ 41. Kf3 Qc6+ 42. e4 Kg8 43. Qf5 Qc4 44. Ke3 Qc5+ 45. Kd3 Qxf5 46. exf5 Kf7 47. Ke4 Kf6 48. c4 c6 49. Kf4 b5 50. c5 Ke7 51. Ke5 Kd7 52. f6 gxf6+ 53. Kxf6 1-0

[Event "PRO League Stage"]
[Site "Chess.com INT"]
[Date "2020.01.29"]
[Round "4"]
[White "Nakamura, Hikaru"]
[Black "Robson, Ray"]
[Result "1-0"]
[WhiteElo "2736"]
[BlackElo "2673"]
[PlyCount "145"]
[EventDate "2020.01.06"]
[EventType "team-swiss (rapid)"]
[EventRounds "7"]
[EventCountry "USA"]
[SourceTitle "CBM 194 Extra"]
[Source "ChessBase"]
[SourceDate "2020.03.31"]
[SourceVersion "1"]
[SourceVersionDate "2020.03.31"]
[SourceQuality "1"]
[WhiteTeam "New York Marshalls"]
[BlackTeam "Chicago Wind"]
[WhiteTeamCountry "USA"]
[BlackTeamCountry "USA"]

1. Nf3 d5 2. e3 Nf6 3. b3 Bf5 4. Bb2 e6 5. Nh4 Bg4 6. Be2 Bxe2 7. Qxe2 Be7 8. O-O O-O 9. c4 ({RR} 9. d3 a5 10. a4 Na6 11. f4 Nb4 12. Nf3 c6 13. Kh1 Nd7 14. Nc3 Bf6 15. e4 g6 16. e5 Bg7 17. Nd1 b5 18. axb5 cxb5 19. Ne3 Re8 20. h4 f5 21. h5 Nf8 22. g4 Nc6 23. d4 fxg4 {Rodshtein,M (2623)-Bok,B (2592) chess.com INT 2025 0-1 (49)}) 9... c5 10. Nf3 Nc6 11. Rd1 $146 ({RR} 11. cxd5 Nxd5 12. Nc3 Ndb4 13. Na4 Qd3 14. Qxd3 Nxd3 15. Ne1 Nxb2 16. Nxb2 Bf6 17. Rb1 Rfd8 18. d3 Nb4 19. a3 Nd5 20. Nd1 Rd6 21. f4 Nc3 22. Nxc3 Bxc3 23. b4 cxb4 24. axb4 Bxe1 25. Rfxe1 Rxd3 {Pastar,S (2327)-Batsuren,D (2504) Chess.com INT 2021 0-1 (44)}) 11... d4 12. exd4 cxd4 13. d3 Qb6 14. Nbd2 Rfd8 15. Ne5 Nxe5 16. Qxe5 a5 17. Nf3 Bc5 18. Rab1 Nd7 19. Qe4 Nf6 20. Qe5 Nd7 21. Qe2 Nb8 22. Ng5 h6 23. Ne4 Nc6 24. Bc1 Be7 25. Bd2 Qc7 26. Re1 Qd7 27. f4 Rab8 28. a4 Re8 29. Rf1 f5 30. Ng3 g6 31. Rfe1 Bd6 32. Qf3 Kg7 33. Ne2 Re7 34. Kh1 Rbe8 35. Qf2 Bc5 36. Bxa5 e5 37. fxe5 Nxa5 38. b4 Rxe5 39. bxc5 Qe7 40. Qxd4 Nc6 41. Qc3 Kg8 42. Rb2 Qxc5 43. Rxb7 Qf2 44. Rg1 Qxe2 45. Rb6 R5e6 46. d4 Nd8 47. a5 f4 48. d5 Rxb6 49. axb6 Qf2 50. c5 f3 51. gxf3 Kh7 52. Qf6 g5 53. Qf5+ Kg7 54. Qg4 Re2 55. Qg3 Qxc5 56. Qc7+ Qe7 57. d6 Qf7 58. Rf1 Kg6 59. d7 Ne6 60. d8=Q Nxd8 61. Qxd8 Qe6 62. Qd3+ Kh5 63. Rb1 Qe5 64. f4 gxf4 65. Qh3+ Kg6 66. Rg1+ Kh7 67. Qd7+ Qe7 68. Qf5+ Kh8 69. Qc8+ Qe8 70. b7 Kh7 71. Qf5+ Kh8 72. Qf6+ Kh7 73. Qg7# 1-0

[Event "PRO League Stage"]
[Site "Chess.com INT"]
[Date "2020.01.29"]
[Round "4"]
[White "Amin, Bassem"]
[Black "Kollars, Dmitrij"]
[Result "1-0"]
[WhiteElo "2673"]
[BlackElo "2592"]
[PlyCount "181"]
[EventDate "2020.01.06"]
[EventType "team-swiss (rapid)"]
[EventRounds "7"]
[EventCountry "USA"]
[SourceTitle "CBM 194 Extra"]
[Source "ChessBase"]
[SourceDate "2020.03.31"]
[SourceVersion "1"]
[SourceVersionDate "2020.03.31"]
[SourceQuality "1"]
[WhiteTeam "Sweden Wasabis"]
[BlackTeam "Germany Bears"]
[WhiteTeamCountry "SWE"]
[BlackTeamCountry "GER"]

1. Nf3 d5 2. g3 Bg4 3. Bg2 Nd7 4. O-O Ngf6 5. d3 e5 6. Nbd2 Bd6 7. e4 c6 8. h3 Bh5 9. exd5 cxd5 10. c4 O-O 11. cxd5 Nxd5 12. Qb3 N5b6 13. Ne4 Be7 14. a4 a5 15. Be3 Bb4 16. d4 exd4 17. Nxd4 Bg6 18. Nb5 Qe7 19. Bg5 Qe5 $146 ({RR} 19... Qe6 20. Qxe6 fxe6 21. Rfd1 Rac8 22. Nec3 Bc5 23. Bf4 Bxf2+ 24. Kxf2 e5 25. Bxb7 Rb8 26. Bd5+ Kh8 27. Be4 exf4 28. Bxg6 fxg3+ 29. Kxg3 hxg6 30. Nd6 Nf6 31. Kh2 Nbd7 32. Nc4 Rfc8 33. Rd4 Rb4 34. b3 {Gasthofer,A (2453)-Beikert,G (2461) Germany 2011 ½-½ (108)}) 20. Bf4 Qe7 21. Bd6 Bxd6 22. Nexd6 Nc5 23. Qa3 Nd3 24. Rad1 Qe2 25. Nd4 Qe5 26. Nf3 Qf6 27. Rxd3 Bxd3 28. Qxd3 Rad8 29. Rd1 Nxa4 30. Qa3 b5 31. Rd4 b4 32. Qxa4 Rxd6 33. Rxd6 Qxd6 34. Qxa5 Qd1+ 35. Kh2 b3 36. Qc3 Qc2 37. Qd4 h6 38. Ne5 Qf5 39. Bd5 Qf6 40. Bxb3 Kh7 41. Qf4 Qxf4 42. gxf4 Rb8 43. Bc2+ Kg8 44. b3 f6 45. Nc4 Kf7 46. f5 Rd8 47. Kg3 Rd4 48. Ne3 Ke7 49. Bd1 Kd6 50. Be2 Kc5 51. Bc4 Re4 52. Be6 Rd4 53. Ng2 Rd3+ 54. Kg4 Rd4+ 55. Kf3 Kd6 56. Nf4 Rd1 57. Kg2 Rd4 58. Nh5 g6 59. Ng3 Rb4 60. Bc4 gxf5 61. Nxf5+ Ke5 62. Nxh6 f5 63. Nf7+ Kf6 64. f4 Rb8 65. Ne5 Rd8 66. Kg3 Rd1 67. Nf3 Rb1 68. h4 Kg6 69. Ne5+ Kf6 70. h5 Rh1 71. Bf7 Rg1+ 72. Kf2 Rh1 73. Bg6 Rb1 74. Bf7 Rh1 75. Ke3 Rb1 76. Bc4 Rh1 77. Be2 Rh3+ 78. Bf3 Rh2 79. b4 Rb2 80. Nd3 Rb3 81. Kd4 Rb1 82. Kc4 Rf1 83. Bd5 Ke7 84. Kc5 Rd1 85. Bc4 Rh1 86. b5 Rxh5 87. b6 Rh8 88. b7 Kd7 89. Kb6 Rb8 90. Nc5+ Kd6 91. Na6 1-0

[Event "PRO League Stage"]
[Site "Chess.com INT"]
[Date "2020.01.29"]
[Round "4"]
[White "Grandelius, Nils"]
[Black "Meier, Georg"]
[Result "1-0"]
[WhiteElo "2673"]
[BlackElo "2629"]
[PlyCount "105"]
[EventDate "2020.01.06"]
[EventType "team-swiss (rapid)"]
[EventRounds "7"]
[EventCountry "USA"]
[SourceTitle "CBM 194 Extra"]
[Source "ChessBase"]
[SourceDate "2020.03.31"]
[SourceVersion "1"]
[SourceVersionDate "2020.03.31"]
[SourceQuality "1"]
[WhiteTeam "Sweden Wasabis"]
[BlackTeam "Germany Bears"]
[WhiteTeamCountry "SWE"]
[BlackTeamCountry "GER"]

1. Nf3 d5 2. g3 Bg4 3. Bg2 e6 4. O-O Nf6 5. h3 Bh5 6. c4 c6 7. d4 Be7 8. cxd5 cxd5 ({RR} 8... Bxf3 9. Bxf3 cxd5 10. Nc3 Nc6 11. e3 O-O 12. Bd2 Rc8 13. Qe2 Na5 14. Rfc1 Nc4 15. Be1 Qd7 16. b3 Na3 17. Na4 Ne4 18. Qd1 Nb5 19. Rxc8 Rxc8 20. Rc1 Ba3 21. Rc2 b6 22. Be2 Nbd6 23. Bd3 {Grandelius,N (2663)-Bluebaum,M (2642) Chess.com INT 2022 ½-½}) 9. Qb3 Bxf3 10. Bxf3 Qd7 $146 ({RR} 10... Nc6 11. Rd1 O-O 12. e3 Na5 13. Qd3 Rc8 14. Nc3 Bb4 15. Ne2 Qc7 16. Nf4 Bd6 17. Ng2 Nc6 18. Qb3 Ne4 19. h4 h6 20. Bd2 f5 21. h5 Ng5 22. Be2 Nh3+ 23. Kf1 Bxg3 24. Be1 Bxf2 25. Bxf2 {Sonis,F (2570)-Hovhannisyan,R (2630) Eforie Nord ROU 2025 0-1 (34)}) 11. Nc3 Nc6 12. e3 O-O 13. Bd2 Na5 14. Qa4 Qxa4 15. Nxa4 Nc4 16. Bc3 Rfc8 17. Rfc1 Rc6 18. Nc5 b6 19. Nd3 Rac8 20. Be1 Ne4 21. Bd1 f5 22. Ba4 R6c7 23. Bb5 a5 24. Kf1 Ned6 25. Ba4 g5 26. Ke2 h5 27. Bd1 Ne4 28. Rc2 Ncd6 29. Rac1 Rxc2+ 30. Rxc2 Rxc2+ 31. Bxc2 Nf7 32. Ba4 Nf6 33. h4 gxh4 34. gxh4 Bd6 35. f3 Kf8 36. b4 axb4 37. Nxb4 f4 38. exf4 Bxf4 39. Bc2 Nd6 40. Nd3 Bh6 41. Bb4 Nfe8 42. Ba4 Kf7 43. Ne5+ Kf6 44. Nd7+ Kf7 45. Ne5+ Kf6 46. Bxe8 Nxe8 47. Nd7+ Kf7 48. Nxb6 Ng7 49. a4 Nf5 50. Bc5 Nxh4 51. a5 Bf4 52. a6 Bb8 53. Nd7 1-0

[Event "PRO League Stage"]
[Site "Chess.com INT"]
[Date "2020.02.05"]
[Round "5"]
[White "Moranda, Wojciech"]
[Black "Obregon, Carlos Andres"]
[Result "1-0"]
[WhiteElo "2601"]
[BlackElo "2525"]
[PlyCount "85"]
[EventDate "2020.01.06"]
[EventType "team-swiss (rapid)"]
[EventRounds "7"]
[EventCountry "USA"]
[SourceTitle "CBM 194 Extra"]
[Source "ChessBase"]
[SourceDate "2020.03.31"]
[SourceVersion "1"]
[SourceVersionDate "2020.03.31"]
[SourceQuality "1"]
[WhiteTeam "New York Marshalls"]
[BlackTeam "Argentina Krakens"]
[WhiteTeamCountry "USA"]
[BlackTeamCountry "ARG"]

1. Nf3 Nf6 2. g3 d5 3. Bg2 c6 4. O-O Bg4 5. d3 e6 6. Nbd2 Be7 7. e4 h6 ({RR} 7... O-O 8. Qe2 c5 9. h3 Bh5 10. g4 Bg6 11. Ne5 Nc6 12. Nxc6 bxc6 13. f4 h6 14. c4 Re8 15. Kh1 a5 16. b3 a4 17. Bb2 Qb6 18. e5 Nd7 19. f5 Bh7 20. f6 Bf8 21. Bc3 axb3 22. axb3 {Bareev,E (2663)-Bocharov,D (2620) Novosibirsk 2012 ½-½ (65)}) ({RR} 7... dxe4 8. dxe4 Nbd7 9. c3 e5 10. Qc2 O-O 11. Nc4 Bxf3 12. Bxf3 Re8 13. Rd1 Qc7 14. b3 a5 15. a4 Rad8 16. Ba3 Bxa3 17. Nxa3 Nc5 18. b4 Ne6 19. b5 c5 20. Nc4 b6 21. Ne3 g6 22. Nd5 {Seyhanoglu,D (2219)-Murthy,P (1838) chess.com INT 2025 0-1 (42)}) 8. Qe1 $146 ({RR} 8. Re1 a5 9. c3 Na6 10. Qc2 Nd7 11. Nf1 Bh5 12. Ne3 Bg6 13. Nd4 O-O 14. f4 dxe4 15. dxe4 e5 16. Ndf5 Bc5 17. Kh1 Re8 18. Nc4 Qc7 19. Nxe5 Nxe5 20. fxe5 Qxe5 21. Bf4 Qf6 22. Bh3 Rad8 {Kretek,B (2280)-Beil,Z (2340) Czech Republic 1993 0-1}) 8... O-O 9. Ne5 Bh5 10. f4 Nbd7 11. Nxd7 Nxd7 12. Nf3 dxe4 13. dxe4 e5 14. Kh1 Bf6 15. fxe5 Bxf3 16. Bxf3 Nxe5 17. Bg2 Re8 18. Qe2 Ng6 19. Be3 Qe7 20. c3 Bg5 21. Bd4 c5 22. Bg1 Rad8 23. Rad1 b6 24. a3 Ne5 25. Rd5 Rd6 26. Rfd1 Red8 27. b4 c4 28. R1d4 Bf6 29. Be3 Bg5 30. Bg1 g6 31. a4 h5 32. h3 Bf6 33. Be3 h4 34. gxh4 Bxh4 35. Bf4 Bf6 36. Qe3 R6d7 37. Qg3 Nd3 38. e5 Bh4 39. Rxd7 Rxd7 40. Rxd7 Bxg3 41. Rxe7 Bxf4 42. Bd5 Bxe5 43. Bxc4 1-0

[Event "PRO League Stage"]
[Site "Chess.com INT"]
[Date "2020.02.05"]
[Round "5"]
[White "Chigaev, Maksim"]
[Black "Sanal, Vahap"]
[Result "1-0"]
[WhiteElo "2616"]
[BlackElo "2569"]
[PlyCount "85"]
[EventDate "2020.01.06"]
[EventType "team-swiss (rapid)"]
[EventRounds "7"]
[EventCountry "USA"]
[SourceTitle "CBM 194 Extra"]
[Source "ChessBase"]
[SourceDate "2020.03.31"]
[SourceVersion "1"]
[SourceVersionDate "2020.03.31"]
[SourceQuality "1"]
[WhiteTeam "Armenia Eagles"]
[BlackTeam "Turkey Knights"]
[WhiteTeamCountry "ARM"]
[BlackTeamCountry "TUR"]

1. Nf3 Nf6 2. g3 c5 3. Bg2 Nc6 4. O-O d5 5. d3 e5 6. Na3 Be7 7. c3 O-O 8. e4 dxe4 9. dxe4 Qxd1 10. Rxd1 Nxe4 11. Nxe5 Nxe5 12. Bxe4 Bg4 13. Re1 Bf3 $146 ({RR} 13... Bf6 14. Kg2 Rad8 15. h3 Be6 16. Be3 b6 17. Nb5 Nc4 18. b3 a6 19. Nc7 Nd6 20. Bd5 Bc8 21. Red1 Bxc3 22. Rac1 Be5 23. Na8 Nf5 24. Nxb6 Nxe3+ 25. fxe3 Rd6 26. Nc4 Rxd5 27. Rxd5 Bb7 28. e4 {Movsziszian,K (2473)-Rodriguez Garcia,M (2154) Merida 2022 1-0 (34)}) 14. Bxb7 Bxb7 15. Rxe5 Rad8 16. Re1 Rfe8 17. Bf4 g5 18. Rxe7 Rxe7 19. Bxg5 Red7 20. Bxd8 Rxd8 21. Nc4 Ba6 22. Ne3 Rd2 23. b4 cxb4 24. cxb4 Rb2 25. a3 Rb3 26. g4 Kg7 27. Kg2 Kf6 28. Kg3 Ke5 29. Rc1 Rxa3 30. b5 Bb7 31. Rc7 Be4 32. Rxf7 Bd3 33. h4 Kd4 34. Rb7 Kc5 35. g5 Ra1 36. h5 Rh1 37. h6 Ra1 38. f3 Kd4 39. Ng4 Kc5 40. Ne5 Bxb5 41. Rxh7 a5 42. Ra7 a4 43. h7 1-0

[Event "PRO League Stage"]
[Site "Chess.com INT"]
[Date "2020.02.05"]
[Round "5"]
[White "Grischuk, Alexander"]
[Black "Caruana, Fabiano"]
[Result "1-0"]
[WhiteElo "2777"]
[BlackElo "2822"]
[PlyCount "97"]
[EventDate "2020.01.06"]
[EventType "team-swiss (rapid)"]
[EventRounds "7"]
[EventCountry "USA"]
[SourceTitle "CBM 194 Extra"]
[Source "ChessBase"]
[SourceDate "2020.03.31"]
[SourceVersion "1"]
[SourceVersionDate "2020.03.31"]
[SourceQuality "1"]
[WhiteTeam "Canada Chessbrahs"]
[BlackTeam "Saint Louis Arch Bishops"]
[WhiteTeamCountry "CAN"]
[BlackTeamCountry "USA"]

1. Nf3 d5 2. g3 Nd7 3. Bg2 e5 4. d3 Ngf6 5. O-O Bd6 6. c4 c6 7. cxd5 cxd5 8. e4 ({RR} 8. Nc3 O-O 9. Nd2 Nb6 10. a4 Be6 11. a5 Nbd7 12. e4 d4 13. Nd5 Rc8 14. Nc4 Bb8 15. f4 exf4 16. Bxf4 Bxf4 17. Rxf4 b5 18. Nd6 Rb8 19. Nxf6+ Nxf6 20. e5 Nd7 21. Qe2 Qg5 22. Re1 Rfd8 {Svidler,P (2747)-Oparin,G (2604) Zuerich 2017 ½-½ (70)}) ({RR} 8. b3 O-O 9. Bb2 Qe7 10. Nbd2 b6 11. Nh4 g6 12. Nc4 Bb7 13. Nxd6 Qxd6 14. a4 Rfe8 15. Rc1 a5 16. Rc2 Rac8 17. Rxc8 Rxc8 18. Qa1 Bc6 19. Rc1 d4 20. Ba3 Nc5 21. Bxc5 bxc5 22. Qa3 Bxg2 {Egorov,K (2081)-Altini,N (2350) chess.com INT 2025 0-1 (41)}) 8... O-O 9. exd5 Nxd5 10. Re1 N5f6 $146 ({RR} 10... Re8 11. d4 exd4 12. Rxe8+ Qxe8 13. Qxd4 N7f6 14. Nc3 Nxc3 15. bxc3 Bc7 16. c4 Qd7 17. Bb2 Qxd4 18. Nxd4 Bd7 19. Nb5 Bb6 20. Bxb7 Rb8 21. Bf3 Ng4 22. Bd4 a6 23. Bxb6 axb5 24. Ba7 Re8 25. cxb5 {Petr,M (2503)-Stillger,B (2255) Prague 2021 1-0}) 11. Nc3 h6 12. d4 exd4 13. Nxd4 Nc5 14. Ndb5 Bb8 15. Be3 Ne6 16. Qb3 a6 17. Rad1 Qe7 18. Nd4 Be5 19. Nf5 Qe8 20. Bxh6 Nc5 21. Nxg7 Nxb3 22. Nxe8 Rxe8 23. axb3 Bg4 24. Rc1 Bd4 25. Bxb7 Rxe1+ 26. Rxe1 Rb8 27. Bxa6 Rxb3 28. Bc1 Be6 29. Be2 Kg7 30. Kg2 Ba7 31. Bf3 Rb4 32. h3 Bd4 33. g4 Rb3 34. Rd1 Be5 35. g5 Nh7 36. Bd5 Bxd5+ 37. Rxd5 f6 38. gxf6+ Bxf6 39. Rb5 Rxb5 40. Nxb5 Nf8 41. b3 Ne6 42. Be3 Kg6 43. Kf3 Kf5 44. Nd6+ Ke5 45. Nc4+ Kd5 46. Kg4 Ba1 47. h4 Ng7 48. h5 Ke6 49. Bc1 1-0

[Event "PRO League Stage"]
[Site "Chess.com INT"]
[Date "2020.02.05"]
[Round "5"]
[White "Amin, Bassem"]
[Black "Moroni, Luca Jr"]
[Result "1-0"]
[WhiteElo "2673"]
[BlackElo "2532"]
[PlyCount "79"]
[EventDate "2020.01.06"]
[EventType "team-swiss (rapid)"]
[EventRounds "7"]
[EventCountry "USA"]
[SourceTitle "CBM 194 Extra"]
[Source "ChessBase"]
[SourceDate "2020.03.31"]
[SourceVersion "1"]
[SourceVersionDate "2020.03.31"]
[SourceQuality "1"]
[WhiteTeam "Sweden Wasabis"]
[BlackTeam "Italy Gladiators"]
[WhiteTeamCountry "SWE"]
[BlackTeamCountry "ITA"]

1. Nf3 d5 2. g3 Nf6 3. Bg2 c5 4. O-O Nc6 5. d3 g6 6. Nbd2 Bg7 7. e4 O-O 8. c3 e6 9. Re1 a5 10. a4 b6 11. Nb1 ({RR} 11. exd5 exd5 12. Nf1 h6 13. Bf4 Nh5 14. Ne5 Bb7 15. Nxc6 Bxc6 16. Be5 Bxe5 17. Rxe5 Qd6 18. d4 Rfe8 19. Qd2 Kg7 20. Rae1 Nf6 21. Qf4 cxd4 22. Qxd4 Qc5 23. Qf4 Qd6 24. b3 Rxe5 25. Qxe5 Qxe5 {Fressinet,L (2717)-Vitiugov,N (2742) Dubai 2014 ½-½ (46)}) ({RR} 11. exd5 exd5 12. Nb1 Ba6 13. Na3 Rc8 14. Nb5 Bxb5 15. axb5 Nb8 16. Ne5 Nbd7 17. Nc6 Qc7 18. Bf4 Qb7 19. Ne7+ Kh8 20. Nxc8 Qxc8 21. Re7 Ng8 22. Re2 Ngf6 23. Qd2 Nh5 24. Bh6 Qd8 25. Bxg7+ Kxg7 {Klenburg,M (2331)-Ivanov,A (2068) chess.com INT 2024 1-0}) 11... Ba6 ({RR} 11... e5 12. exd5 Nxd5 13. Na3 h6 14. Nc4 Re8 15. h4 Bg4 16. Qc2 Ra7 17. Nh2 Be6 18. Qe2 f5 19. h5 gxh5 20. Qxh5 Nf6 21. Qh4 Bd5 22. Bxd5+ Nxd5 23. Qxd8 Rxd8 24. Ra3 Re7 25. Nf1 Re6 26. Kg2 {Amin,B (2681)-Ternault,M (2367) Chartres 2022 1-0 (70)}) 12. e5 Nd7 13. Bf4 Rb8 $146 ({RR} 13... b5 14. axb5 Bxb5 15. c4 Ba6 16. cxd5 exd5 17. e6 fxe6 18. Ng5 Nb4 19. Nxe6 Qb6 20. Nxf8 Rxf8 21. Nc3 Nf6 22. d4 cxd4 23. Na4 Qb5 24. Bd6 Rd8 25. Be7 Re8 26. Bxb4 Qxb4 27. Rxe8+ Nxe8 28. Bxd5+ {Baltic,F (2390)-Irkilmez,Y (2307) Playchess.com INT 2020 1-0 (58)}) 14. Na3 Na7 15. c4 Bb7 16. h4 Rc8 17. Qd2 h5 18. Rad1 Bc6 19. b3 f5 20. exf6 Qxf6 21. Ng5 Rfe8 22. Bh3 Nf8 23. Be5 Qd8 24. Bxg7 Kxg7 25. Bxe6 Rc7 26. cxd5 Nxe6 27. Nxe6+ Rxe6 28. dxe6 Qd5 29. Qc3+ Kh7 30. Re4 Nc8 31. Qe5 Qd8 32. Rf4 Nd6 33. Nc4 Nf5 34. Re1 Re7 35. Rxf5 gxf5 36. Qxf5+ Kg8 37. Qg5+ Kh8 38. Qf6+ Kg8 39. Re5 Qe8 40. Nd6 1-0

[Event "PRO League Stage"]
[Site "Chess.com INT"]
[Date "2020.02.05"]
[Round "5"]
[White "Amin, Bassem"]
[Black "Valsecchi, Alessio"]
[Result "1-0"]
[WhiteElo "2673"]
[BlackElo "2512"]
[PlyCount "55"]
[EventDate "2020.01.06"]
[EventType "team-swiss (rapid)"]
[EventRounds "7"]
[EventCountry "USA"]
[SourceTitle "CBM 194 Extra"]
[Source "ChessBase"]
[SourceDate "2020.03.31"]
[SourceVersion "1"]
[SourceVersionDate "2020.03.31"]
[SourceQuality "1"]
[WhiteTeam "Sweden Wasabis"]
[BlackTeam "Italy Gladiators"]
[WhiteTeamCountry "SWE"]
[BlackTeamCountry "ITA"]

1. Nf3 c5 2. g3 Nc6 3. Bg2 g6 4. O-O Bg7 5. d3 d6 6. e4 e6 7. c3 Nge7 8. d4 cxd4 9. cxd4 d5 10. e5 O-O 11. Nc3 f6 ({RR} 11... Nf5 12. h4 Bd7 13. Bg5 Qa5 14. Qd2 Qb4 15. Rad1 Na5 16. Nxd5 Qxd2 17. Bxd2 Nc4 18. Nf6+ Bxf6 19. exf6 Nxb2 20. Rb1 Nc4 21. Rxb7 Bc6 22. Rc7 Nxd2 23. Nxd2 Bxg2 24. Kxg2 Nxd4 25. Rfc1 Rfd8 26. Ne4 {Lopez del Alamo,A (2237)-Spata,G (2421) chess.com INT 2024 0-1 (41)}) ({RR} 11... Nf5 12. Re1 a6 13. Bf4 b5 14. Qd2 Bd7 15. h3 Rc8 16. g4 Nfe7 17. Rac1 Qa5 18. b3 Rc7 19. Bg5 Rfc8 20. Qf4 Bf8 21. Bh6 Bg7 22. Bxg7 Kxg7 23. Ng5 Be8 24. Re3 Ng8 25. Bxd5 Nce7 26. Bxe6 {Amin,B (2590)-Ayyad,M (2157) Doha 2011 1-0}) 12. Re1 fxe5 13. dxe5 Rf5 $146 ({RR} 13... Nf5 14. Bg5 Qc7 15. g4 Nh6 16. Bxh6 Bxh6 17. g5 Bg7 18. Rc1 Qb6 19. Qd2 Rf5 20. Na4 Qd8 21. Qc3 d4 22. Qc5 Bd7 23. Nxd4 Nxd4 24. Qxd4 Rxg5 25. Rcd1 Rxg2+ 26. Kxg2 Qg5+ 27. Kh3 Rf8 28. Rg1 {Camacho Collados,M (2425)-Antoli Royo,J (2414) Badajoz 2013 0-1 (33)}) 14. g4 Rxf3 15. Qxf3 Nxe5 16. Qg3 N7c6 17. Bf4 Nc4 18. b3 Nb6 19. Rad1 Bd7 20. g5 Qf8 21. Nb5 e5 22. Bc1 e4 23. Bf4 Qc5 24. Nc7 Rc8 25. Bd6 Qa5 26. a3 Nd4 27. Bb4 Nf5 28. Qf4 1-0